La gran alianza: origenes, transformaciones y futuro de la OTAN
Sparad:
| Huvudupphovsman: | |
|---|---|
| Materialtyp: | Bok |
| Språk: | spanska |
| Publicerad: |
Buenos Aires
Bononiae Libris
2005
|
| Upplaga: | 1a. ed |
| Ämnen: | |
| Taggar: |
Lägg till en tagg
Inga taggar, Lägg till första taggen!
|
MARC
| LEADER | 00000nam a2200000 a 4500 | ||
|---|---|---|---|
| 001 | UCG6816 | ||
| 003 | CL-VaPUC | ||
| 008 | 110520e20050000AG |||||||||||||||||spa|d | ||
| 020 | |a 9872071047 | ||
| 082 | 0 | 4 | |a 327.06 |b JAN |2 21 |
| 100 | 0 | |a Jannuzzi, Giovanni |e author |9 557224 | |
| 245 | 1 | 3 | |a La gran alianza: origenes, transformaciones y futuro de la OTAN |
| 250 | |a 1a. ed | ||
| 300 | |a 123 p | ||
| 942 | |c BK | ||
| 945 | |d 20110520 00:00:00 |a jcampos | ||
| 260 | |a Buenos Aires |b Bononiae Libris |c 2005 | ||
| 600 | 0 | 7 | |a OTAN |2 CL-VaPUC |9 255771 |
| 600 | 0 | 7 | |a UNION EUROPEA |2 CL-VaPUC |9 320734 |
| 600 | 0 | 7 | |a ONU |2 CL-VaPUC |9 338253 |
| 600 | 0 | 7 | |a COMUNIDAD ATLANTICA |2 CL-VaPUC |9 557225 |
| 650 | 0 | |a Relaciones Internacionales |9 255740 | |
| 650 | 7 | |a PACTOS POLITICOS |2 CL-VaPUC |9 557226 | |
| 650 | 0 | |a Alianzas estratégicas |9 557227 | |
| 650 | 0 | |a Doctrinas políticas |9 255835 | |
| 583 | |a last modification |c 20110520 00:00:00 |k Rodrigo Vera | ||
| 999 | |c 344947 |d 344945 | ||
| 952 | |0 0 |1 0 |4 0 |6 327_060000000000000_JAN_2005 |7 0 |8 A |9 443313 |a BIBHIS |b BIBHIS |d 2019-11-22 |i 4778995 |l 1 |o 327.06 JAN 2005 |p 4778995 |r 2025-01-20 |s 2024-10-04 |w 2019-11-22 |y BK |k HIS | ||